Present problems and development of Czech industry branch
Saved in:
| Main Author: | |
|---|---|
| Format: | Book Chapter |
| Language: | English |
| Subjects: | |
| Tags: |
No Tags, Be the first to tag this record!
|
MARC
| LEADER | 00000naa$a2200000$$$4500 | ||
|---|---|---|---|
| 001 | 0023125 | ||
| 005 | 20221128113054.0 | ||
| 041 | 0 | |a eng | |
| 044 | |a SK | ||
| 245 | 1 | 0 | |a Present problems and development of Czech industry branch |c Michal Vaněk |
| 610 | 2 | 0 | |a priemysel |
| 610 | 2 | 0 | |a priemysel strojársky |
| 610 | 2 | 0 | |a výroba priemyselná |
| 610 | 2 | 0 | |a obchod zahraničný |
| 610 | 2 | 0 | |a dovoz |
| 610 | 2 | 0 | |a vývoz |
| 610 | 2 | 0 | |a bilancia obchodná |
| 610 | 2 | 0 | |a Česko |
| 100 | 1 | |a Vaněk, Michal | |